Výpočet reálných hodnot forwardů a opcí [1]

Stanovenie reálnej hodnoty forwardov a opcií v účtovnej jednotke. Reálna a trhová hodnota podľa IAS 32. Rozdelenie derivátov podľa druhu a kategórie. Návrh novely IAS 39. Vstupné údaje pre stanovenie reálnej hodnoty derivátov. Kúpená dohoda o forwardovej úrokovej miere. Pokračovanie v budúcom čísle.

Saved in:
Bibliographic Details
Main Author: Jílek, Josef
Format: Book Chapter
Language:Czech
Subjects:
Tags: Add Tag
No Tags, Be the first to tag this record!

MARC

LEADER 00000naa a2200000 4500
001 r048875
005 20230913090717.6
041 0 |a cze 
044 |a CZ 
245 1 0 |a Výpočet reálných hodnot forwardů a opcí [1]  |c Josef Jílek 
520 |a Stanovenie reálnej hodnoty forwardov a opcií v účtovnej jednotke. Reálna a trhová hodnota podľa IAS 32. Rozdelenie derivátov podľa druhu a kategórie. Návrh novely IAS 39. Vstupné údaje pre stanovenie reálnej hodnoty derivátov. Kúpená dohoda o forwardovej úrokovej miere. Pokračovanie v budúcom čísle. 
610 2 0 |a deriváty 
610 2 0 |a forwardy 
610 2 0 |a opcie 
610 2 0 |a hodnota 
610 2 0 |a pojmy 
610 2 0 |a miera úroková 
610 2 0 |a IAS 39 
610 2 0 |a účtovníctvo 
100 1 |a Jílek, Josef